Introduction to modern political theory (Record no. 118218)
[ view plain ]
| 000 -LEADER | |
|---|---|
| fixed length control field | 00469nam a2200193Ia 4500 |
| 003 - CONTROL NUMBER IDENTIFIER | |
| control field | OSt |
| 005 - DATE AND TIME OF LATEST TRANSACTION | |
| control field | 20230323100316.0 |
| 008 - FIXED-LENGTH DATA ELEMENTS--GENERAL INFORMATION | |
| fixed length control field | 210210b1927 xxu||||| |||| 00| 0 eng d |
| 040 ## - CATALOGING SOURCE | |
| Transcribing agency | AL |
| 041 ## - LANGUAGE CODE | |
| Language code of text/sound track or separate title | eng |
| 082 ## - DEWEY DECIMAL CLASSIFICATION NUMBER | |
| Classification number | 320/283 |
| 100 ## - MAIN ENTRY--PERSONAL NAME | |
| Personal name | JOAD (C E M) |
| 9 (RLIN) | 76804 |
| 245 ## - TITLE STATEMENT | |
| Title | Introduction to modern political theory |
| 260 ## - PUBLICATION, DISTRIBUTION, ETC. | |
| Place of publication, distribution, etc. | Oxford |
| Name of publisher, distributor, etc. | At the Clarendon Press |
| Date of publication, distribution, etc. | 1927 |
| 300 ## - PHYSICAL DESCRIPTION | |
| Extent | 127 |
| 690 ## - LOCAL SUBJECT ADDED ENTRY--TOPICAL TERM (OCLC, RLIN) | |
| Topical term or geographic name as entry element | Political Theory |
| 9 (RLIN) | 76805 |
| 906 ## - LOCAL DATA ELEMENT F, LDF (RLIN) | |
| a | 002031 |
| 942 ## - ADDED ENTRY ELEMENTS (KOHA) | |
| Source of classification or shelving scheme | Dewey Decimal Classification |
| Koha item type | Book |
| Withdrawn status | Lost status | Source of classification or shelving scheme | Damaged status | Not for loan | Collection code | Home library | Current library | Date acquired | Cost, normal purchase price | Total Checkouts | Full call number | Barcode | Date last seen | Price effective from | Koha item type |
|---|---|---|---|---|---|---|---|---|---|---|---|---|---|---|---|
| Dewey Decimal Classification | Political Science | St Aloysius Library | St Aloysius Library | 02/17/2021 | 0.00 | 320/283 | 002031 | 02/17/2021 | 02/17/2021 | Book | |||||
| Dewey Decimal Classification | Political Science | St Aloysius Library | St Aloysius Library | 02/17/2021 | 0.00 | 320/284 | 002032 | 02/17/2021 | 02/17/2021 | Book |